Statistics for Annaba Airport (AAE) Destinations

Click here to take the quiz!

General Stats

  • This quiz has been taken 12 times
    (10 since last reset)
  • The average score is 4 of 9

Answer Stats

Airlines Destinations % Correct
Air Algerie, Tassili AirlinesAlgiers
100%
Air AlgerieOran
86%
Air AlgerieParis Charles de Gaulle
71%
Air AlgerieParis Orly
71%
Air AlgerieLyon
43%
Air AlgerieMarseille
43%
Air AlgerieIstanbul
14%
Air AlgerieJeddah
0%
Tassili AirlinesEl Oued
0%

Score Distribution

Percentile by Number Answered

Percent of People with Each Score

Your Score History

You have not taken this quiz since the last reset